[Event "36th San Sebastian Open"]
[Site "Donostia ESP"]
[Date "2013.03.28"]
[Round "7.24"]
[White "Torres,P"]
[Black "Gagarin,Vasily"]
[Result "0-1"]
[WhiteElo "1975"]
[BlackElo "1838"]

1.d4 Nf6 2.c4 e6 3.Nf3 Bb4+ 4.Bd2 Qe7 5.Nc3 b6 6.g3 Bb7 7.Bg2 O-O 8.O-O Bxc3
9.Bxc3 Ne4 10.Rc1 f5 11.Nd2 Nxc3 12.Rxc3 Bxg2 13.Kxg2 f4 14.e3 fxe3 15.Rxe3 Qf6
16.Ne4 Qg6 17.f4 Rf5 18.Ng5 Nc6 19.Nf3 Rxf4 20.d5 Na5 21.dxe6 Nxc4 22.Re2 dxe6
23.Qd7 Re4 24.Rfe1 Rxe2+ 25.Rxe2 Qf7 26.Qxf7+ Kxf7 27.b3 Nd6 28.Ng5+ Kf6
29.Nxe6 Re8 30.Nf4 Rxe2+ 31.Nxe2 Ke5 32.Kf3 Nb5 33.Ke3 g5 34.h4 gxh4 35.gxh4 Nd6
36.Kf3 h5 37.Ng3 Nf5 38.Nxh5 Nxh4+ 39.Ke3 Ng2+ 40.Kd2 Nf4 41.Ng3 c5 42.Nf1 b5
43.Ne3 Nd5 44.Ng4+ Kd4 45.Nf2 c4 46.bxc4 bxc4 47.Kc2 Nb4+ 48.Kb1 c3 49.a3 c2+
50.Kc1 Nd3+ 51.Nxd3 Kxd3  0-1

[Event "IX Lubuska Wiosna Op"]
[Site "Gorzow POL"]
[Date "2013.03.29"]
[Round "5"]
[White "Malaniuk,V"]
[Black "Reza,W"]
[Result "1-0"]
[WhiteElo "2526"]
[BlackElo "2107"]

1.d4 Nf6 2.Nf3 e6 3.c4 Bb4+ 4.Bd2 Qe7 5.g3 Nc6 6.Nc3 O-O 7.Bg2 d6 8.d5 Nd8
9.O-O e5 10.Ne1 Bf5 11.Nc2 Bxc3 12.Bxc3 a5 13.f3 b5 14.cxb5 Bd7 15.Qd2 a4
16.Ne3 Re8 17.Ba5 Bxb5 18.Nf5 Qd7 19.Qg5 Ne6 20.dxe6 fxe6 21.Nh6+ Kh8 22.Bd2 Nd5
23.Ng4 Bxe2 24.Rf2 Bc4 25.Ne3 h6 26.Qg6 Nxe3 27.Bxe3 d5 28.f4 exf4 29.Rxf4 Rf8
30.Bd4 Rxf4 31.gxf4 e5 32.Bxe5 Ra6 33.Qh5 Qe7 34.Kh1 c5 35.Rg1 Kh7 36.Qf5+  1-0

[Event "ch-Moscow 2013"]
[Site "Moscow RUS"]
[Date "2013.03.29"]
[Round "7.12"]
[White "Ljamin,V"]
[Black "Novichkov,Val"]
[Result "1/2-1/2"]
[WhiteElo "2143"]
[BlackElo "2371"]

1.Nf3 Nf6 2.c4 e6 3.d4 Bb4+ 4.Bd2 Qe7 5.a3 Bxd2+ 6.Qxd2 O-O 7.Nc3 d6 8.e4 e5
9.d5 a5 10.Bd3 Bg4 11.Qe3 Na6 12.Nd2 Nc5 13.Be2 a4 14.O-O Bd7 15.Rfb1 h6
16.b4 axb3 17.Nxb3 Nxb3 18.Rxb3 b6 19.h3 Ra5 20.Na2 Ba4 21.Rc3 Nd7 22.Nb4 Nc5
23.Bd1 Bd7 24.Bg4 Ba4 25.Bd1 Qh4 26.Bxa4 Nxa4 27.Rc2 Nc5 28.f3 f5 29.Nd3 Nb3
30.Raa2 Nd4 31.Rc1 Qg3 32.Kh1 fxe4 33.Qxe4 Nb3 34.Rc3 Nc5 35.Nxc5 Rxc5 36.Rac2 Rf4
37.Qe2 Ra5 38.Re3 Ra4 39.Rcc3 Qg5 40.Re4 Rxe4 41.fxe4 Rxa3 42.Rxa3 Qc1+ 43.Kh2 Qxa3
44.Qg4 Qa8 45.Qe6+ Kh8 46.Qd7 Qf8 47.Qxc7 Qf4+ 48.Kh1 Qf1+ 49.Kh2 Qf4+ 50.Kh1 Qf1+
51.Kh2 Qf4+  1/2-1/2

[Event "6th Montalvo Open"]
[Site "Las Palmas ESP"]
[Date "2013.03.30"]
[Round "8.28"]
[White "Santana Rodriguez,Jose Raul"]
[Black "Suarez Buceta,Melquiades"]
[Result "0-1"]
[WhiteElo "1693"]
[BlackElo "1450"]

1.d4 Nf6 2.c4 e6 3.Nf3 Bb4+ 4.Bd2 Bxd2+ 5.Qxd2 O-O 6.g3 b6 7.Nc3 Bb7 8.Bg2 d5
9.Ne5 Nbd7 10.Nd3 Ne4 11.Qc2 Ndf6 12.cxd5 Nxc3 13.bxc3 Bxd5 14.O-O Bxg2 15.Kxg2 Nd5
16.e4 Ne7 17.Ne5 Ng6 18.Nc6 Qd7 19.Nb4 f5 20.Rad1 f4 21.Rd3 a5 22.d5 axb4
23.cxb4 exd5 24.Rxd5 f3+ 25.Kh1 Qe7 26.Qc4 Kh8 27.Rfd1 Rad8 28.a4 Ne5 29.Qb5 Ng4
30.Kg1 Rxd5 31.Rxd5 Qxe4 32.h3 Qe1+ 33.Qf1 Qxf1+ 34.Kxf1 Nf6 35.Rd3 Ra8 36.Ra3 h6
37.a5 bxa5 38.bxa5 Kg8 39.Ke1 Kf7 40.Kd2 Ke6 41.Ke3 Kd5 42.Kxf3 Kc4 43.a6 Kb5
44.Re3 Rxa6 45.Re7 c5 46.Rb7+ Kc6 47.Rxg7 Ra3+ 48.Ke2 Ra6 49.Rg6 Kd5 50.Rxh6 Re6+
51.Kd1 Nd7 52.Rh7 Rd6 53.Kc2 c4 54.Kc3 Nb6 55.Ra7 Kc5 56.Ra1 Rd3+ 57.Kc2 Rf3
58.Rf1 Nd5 59.Kd2 c3+ 60.Ke2 Rf8 61.h4 Nb4 62.g4 Rd8 63.Rd1 Re8+ 64.Kf3 Na2
65.g5 c2 66.Rh1 Rd8 67.Ke2 Nc3+ 68.Kf3 Nd1 69.Kg4 c1=Q  0-1

[Event "ch-Moscow w 2013"]
[Site "Moscow RUS"]
[Date "2013.03.30"]
[Round "8.8"]
[White "Fominykh,M"]
[Black "Ochneva,Inga"]
[Result "1-0"]
[WhiteElo "2282"]
[BlackElo "1857"]

1.d4 Nf6 2.Nf3 e6 3.c4 Bb4+ 4.Bd2 Qe7 5.Qc2 b6 6.a3 Bxd2+ 7.Nbxd2 Bb7 8.e4 d6
9.Bd3 e5 10.O-O O-O 11.b4 Nbd7 12.c5 bxc5 13.bxc5 dxc5 14.Rab1 Rab8 15.d5 c6
16.Rxb7 Rxb7 17.dxc6 Rc7 18.cxd7 Nxd7 19.Bb5 Nb6 20.a4 Rfc8 21.a5 Nd7 22.Nc4 f6
23.Ne3 c4 24.Nd5 Qc5 25.Nxc7 Rxc7 26.Bxd7 Rxd7 27.Qa4 Rd8 28.Rc1 Kf8 29.Rxc4 Qd6
30.g3 Qd3 31.Kg2 Qd6 32.Qb4  1-0

[Event "Mexico International Open"]
[Site "Puebla MEX"]
[Date "2013.03.30"]
[Round "7.1"]
[White "Otero Acosta,D"]
[Black "Macieja,B"]
[Result "1-0"]
[WhiteElo "2471"]
[BlackElo "2630"]

1.d4 Nf6 2.c4 e6 3.Nf3 Bb4+ 4.Bd2 c5 5.Bxb4 cxb4 6.g3 O-O 7.Bg2 d6 8.O-O Nc6
9.a3 Bd7 10.d5 exd5 11.cxd5 Ne7 12.axb4 Nexd5 13.Nc3 Nxc3 14.bxc3 Qc7 15.Qd4 Bb5
16.Rfe1 a6 17.Nh4 Rac8 18.Rac1 d5 19.Nf5 Rfd8 20.Qh4 Rd7 21.Qg5 Ne8 22.Bxd5 Kf8
23.e4 Bc4 24.Ne3 Bxd5 25.Nxd5 Qc6 26.Qf5 g6 27.Qh3 Kg7 28.Nb6 Qxb6 29.Qxd7 Rd8
30.Qg4  1-0

[Event "17th Neckar Open"]
[Site "Deizisau GER"]
[Date "2013.03.31"]
[Round "6.1"]
[White "Bacrot,E"]
[Black "Kotainy,J"]
[Result "1-0"]
[WhiteElo "2705"]
[BlackElo "2413"]

1.d4 e6 2.c4 Nf6 3.Nf3 Bb4+ 4.Bd2 Bxd2+ 5.Qxd2 O-O 6.Nc3 d6 7.g3 Nc6 8.d5 Ne7
9.Bg2 a6 10.O-O Rb8 11.dxe6 Bxe6 12.b3 b5 13.Nd4 bxc4 14.Nxe6 fxe6 15.bxc4 Rb4
16.Bh3 Qd7 17.Qd3 Nc6 18.c5 a5 19.cxd6 cxd6 20.Rac1 d5 21.Qa6 Nd4 22.Rfd1 Kh8
23.Qxa5 Qb7 24.Bf1 Ra8 25.Qc5 Rc8 26.Qd6 Rbc4 27.Rb1 Qa8 28.Rd3 Rd8 29.Qe5 Ng4
30.Qg5 Nc6 31.Nd1 h6 32.Qd2 Ra4 33.Rdb3 Rxa2 34.Qf4 Nf6 35.Rb7 Ra7 36.R7b6 e5
37.Qf5 Rc7 38.e3 Qc8 39.Qxc8 Rcxc8 40.Bh3 Rb8 41.Nc3 Rxb6 42.Rxb6 Na5 43.Rb5 Nc6
44.Rb6 Na5 45.Rb5 Nc6 46.Bg2 Ne7 47.Kf1 d4 48.Nd1 Ng6 49.Bh3 dxe3 50.Nxe3 Rf8
51.Bf5 Ne7 52.Rxe5 Nxf5 53.Rxf5 Rd8 54.Ke2 Kh7 55.Ra5 Rd7 56.Re5 Kg6 57.Kf3 Ra7
58.Rb5 Rc7 59.h4 Rf7 60.Nc4 Rc7 61.Ne5+ Kh7 62.Kg2 Re7 63.Nd3 Rd7 64.Nf4 Rd2
65.Kf3 Rd7 66.g4 Rc7 67.Rb3 Rc5 68.Rd3 Rb5 69.Ne6 Re5 70.Nf8+ Kg8 71.Ng6 Rb5
72.h5 Rb8 73.Kg3 Ne4+ 74.Kg2 Nf6 75.f3 Re8 76.Kg3 Rc8 77.Ne7+  1-0

[Event "VII New Open"]
[Site "Lugano SUI"]
[Date "2013.04.01"]
[Round "6.5"]
[White "Kiss,Pa1"]
[Black "Aranovitch,E"]
[Result "1/2-1/2"]
[WhiteElo "2348"]
[BlackElo "2328"]

1.d4 Nf6 2.c4 e6 3.Nf3 Bb4+ 4.Bd2 a5 5.g3 d6 6.Bg2 Nbd7 7.O-O e5 8.Be3 O-O
9.a3 exd4 10.Bxd4 Bc5 11.Nc3 Re8 12.Qc2 Nb6 13.b3 Bxd4 14.Nxd4 a4 15.b4 Nxc4
16.Nxa4 Ne5 17.Nb2 c6 18.Rfd1 Qb6 19.Nc4 Nxc4 20.Qxc4 d5 21.Qc2 Ne4 22.e3 Nd6
23.Bf1 Bg4 24.Rdc1 Bh5 25.Qc5 Qd8 26.a4 Ne4 27.Qc2 Bg6 28.Qb2 h5 29.a5 h4
30.a6 hxg3 31.hxg3 bxa6 32.Rxc6 Qg5 33.Nf3 Qh5 34.Bg2 Nf6 35.Nh4 Bd3 36.Qd4 Bb5
37.Rc7 Rad8 38.Bf3 Qe5 39.Rac1 g5 40.Ng2 Qxd4 41.exd4 g4 42.Bd1 Re4 43.Ne3 Rxd4
44.Rb1 Rd2 45.Bb3 Bd3 46.Rd1 Rxd1+ 47.Bxd1 Rb8 48.Nxg4 Nxg4 49.Bxg4 Rxb4
50.Bh5 Be4 51.f3 Bg6  1/2-1/2

[Event "TCh-NED Meesterklasse 2012-13"]
[Site "Netherland NED"]
[Date "2013.04.02"]
[Round "8.6"]
[White "Richter,Ch"]
[Black "Paulet,I"]
[Result "1-0"]
[WhiteElo "2362"]
[BlackElo "2234"]

1.d4 Nf6 2.c4 e6 3.Nf3 Bb4+ 4.Bd2 a5 5.g3 d5 6.Bg2 O-O 7.O-O dxc4 8.Bg5 b5
9.a4 c6 10.Nc3 Qb6 11.Bxf6 gxf6 12.Qc1 Bxc3 13.bxc3 Kg7 14.axb5 cxb5 15.Ne5 Bb7
16.Nxc4 bxc4 17.Rb1 Qd6 18.Rxb7 a4 19.Qf4 Qxf4 20.gxf4 a3 21.Ra1 Ra4 22.Ra2 Na6
23.Bc6 Ra5 24.Ra7 Rb8 25.Bb7 Nb4 26.Rxa5 Nxa2 27.Rxa3 Nc1 28.Bf3 Rb3 29.Ra7 Rxc3
30.Rc7 Rc2 31.Kf1 Nb3 32.Bh5 Nxd4 33.Bxf7 Rc1+ 34.Kg2 Kh6 35.f5 e5 36.e3 Nxf5
37.Bg8 c3 38.Bxh7 Kg5 39.Rc4 Nh4+ 40.Kh3 Nf3 41.Kg2 Nd2 42.Rc7 Nb3 43.Bg8 Na1
44.Bh7 Nc2 45.Kg3 f5 46.h4+ Kf6 47.Rc6+ Kg7 48.Bxf5 Nb4 49.Rc7+ Kf6 50.Be4 c2
51.Kg2 Ra1 52.Bxc2 Rc1 53.Rc4 Nxc2 54.Kh2 Kf5 55.f3 Kg6 56.Rc5 Kh6 57.Kg3 Rg1+
58.Kf2 Rh1 59.Kg2 Re1 60.Rxc2 Rxe3 61.Rc4 Kg6 62.Re4 Ra3 63.Rxe5 Ra4 64.Kg3 Kf6
65.Re4 Ra1 66.Rb4 Rh1 67.Rb2 Kf5 68.Rh2 Rg1+ 69.Kf2 Ra1 70.h5 Kg5 71.Rh3 Ra2+
72.Kg3 Ra3 73.h6 Ra8 74.h7 Rh8 75.Kf2 Kg6 76.Rh1 Kg7 77.Kg3 Kf7 78.Kg4 Kg6
79.Rh2 Kf6 80.Rh6+ Kg7 81.Kg5 Kf7 82.Rh2 Kg7 83.Rh1 Kf7 84.f4 Kg7 85.f5 Kf7
86.f6 Kf8 87.Kg6  1-0

[Event "1st Hofheim Open"]
[Site "Hofheim GER"]
[Date "2013.04.04"]
[Round "3.13"]
[White "Minko,V"]
[Black "Koch,Ma"]
[Result "1-0"]
[WhiteElo "2252"]
[BlackElo "2143"]

1.d4 Nf6 2.c4 e6 3.Nf3 Bb4+ 4.Bd2 Qe7 5.g3 Nc6 6.Bg2 Bxd2+ 7.Nbxd2 d6 8.O-O O-O
9.e4 e5 10.d5 Nb8 11.Ne1 a5 12.Nd3 Na6 13.f4 Bd7 14.h3 b5 15.fxe5 dxe5 16.Rc1 Nc5
17.Nxc5 Qxc5+ 18.Kh2 b4 19.Qe2 a4 20.Qf2 Qe7 21.c5 Bb5 22.Rfe1 Ne8 23.Nf3 Rb8
24.Qe3 f6 25.Red1 g6 26.Bf1 Bxf1 27.Rxf1 Ng7 28.Rfe1 Rfd8 29.Rc4 Rb5 30.Qd2 Ne6
31.Rec1 Nxc5 32.Qe3 Na6 33.Qa7 Rd6 34.Nh4 f5 35.Rc6 Rb6 36.Rxb6 Rxb6 37.exf5 g5
38.Ng2 e4 39.Re1 Qe8 40.Ne3 Qb5 41.d6 Rxd6 42.Qa8+ Kg7 43.Qxe4 Qd7 44.Qe5+ Kf7
45.Re2 Rd2 46.Qe6+ Kg7 47.Qxa6  1-0

[Event "1st Hofheim Open"]
[Site "Hofheim GER"]
[Date "2013.04.04"]
[Round "3.16"]
[White "Kreiling,C"]
[Black "Jacobi,R"]
[Result "0-1"]
[WhiteElo "2111"]
[BlackElo "2184"]

1.d4 Nf6 2.c4 e6 3.Nf3 Bb4+ 4.Bd2 Qe7 5.g3 Nc6 6.Nc3 Bxc3 7.Bxc3 Ne4 8.Qc2 Nxc3
9.Qxc3 O-O 10.Bg2 a5 11.O-O d6 12.d5 Nb8 13.Rac1 Nd7 14.b3 e5 15.a3 f5 16.b4 b6
17.c5 axb4 18.cxd6 cxd6 19.axb4 Ba6 20.Qd2 Rfc8 21.Rxc8+ Rxc8 22.Rc1 Bc4
23.e4 fxe4 24.Ng5 b5 25.Bxe4 h6 26.Ne6 Nf6 27.Bd3 Qb7 28.Bf5 Ra8 29.g4 Ra2
30.Rc2 Ra1+ 31.Rc1 Qa7 32.g5 Qa3 33.Rxa1 Qxa1+ 34.Kg2 Qf1+ 35.Kg3 Qg1+ 36.Kh4 Qxh2+
37.Bh3 Ne4 38.Qe3 Qxf2+ 39.Qxf2 Nxf2 40.gxh6 Nxh3 41.Kxh3 gxh6 42.Nc7 Kf7
43.Kg4 Ke7 44.Kf5 Kd7 45.Ne6 Bxd5 46.Ng7 Bc4 47.Ke4 Be2 48.Nf5 Bg4 49.Ne3 Be6
50.Ng2 Bh3 51.Ne3 Ke6 52.Kf3 d5 53.Kg3 Bf5 54.Kf3 d4 55.Nf1 Kd5 56.Ke2 h5
57.Ng3 Bg4+  0-1

[Event "23rd ch-SLO 2013"]
[Site "Sentjur SLO"]
[Date "2013.04.06"]
[Round "1.12"]
[White "Janzelj,Lara"]
[Black "Janzelj,T"]
[Result "0-1"]
[WhiteElo "1792"]
[BlackElo "2281"]

1.d4 Nf6 2.Nf3 e6 3.c4 Bb4+ 4.Bd2 Qe7 5.Nc3 Bxc3 6.Bxc3 Ne4 7.Qc2 f5 8.e3 b6
9.O-O-O Bb7 10.Bd3 b5 11.cxb5 a6 12.bxa6 Nxa6 13.a3 O-O 14.Rdf1 c5 15.Kd1 cxd4
16.exd4 Rac8 17.Bxe4 Bxe4 18.Qe2 Rxc3 19.bxc3 Qxa3 20.Qd2 Rb8 21.Qe3 Qa4+
22.Ke2 Qc4+ 23.Ke1 Rb1+  0-1

[Event "FSIM April 2013"]
[Site "Budapest HUN"]
[Date "2013.04.07"]
[Round "2.6"]
[White "Battey,A"]
[Black "Balint,Vi"]
[Result "1-0"]
[WhiteElo "2301"]
[BlackElo "2212"]

1.d4 Nf6 2.c4 e6 3.Nf3 Bb4+ 4.Bd2 Qe7 5.g3 Ne4 6.Bg2 Nxd2 7.Nbxd2 c5 8.a3 Bxd2+
9.Qxd2 d6 10.O-O Nc6 11.b4 cxb4 12.axb4 O-O 13.b5 Nb8 14.Qb4 b6 15.Ne5 Bb7
16.Bxb7 Qxb7 17.Qxd6 Re8 18.Rfb1 Qe7 19.Qxe7 Rxe7 20.c5 bxc5 21.b6 a6 22.dxc5 f6
23.c6  1-0

[Event "TCh-NOR Eliteserien 2012-13"]
[Site "Haraldsheim NOR"]
[Date "2013.04.07"]
[Round "9"]
[White "Nordahl,H"]
[Black "Kveinys,A"]
[Result "0-1"]
[WhiteElo "2340"]
[BlackElo "2526"]

1.d4 Nf6 2.c4 e6 3.Nf3 Bb4+ 4.Bd2 a5 5.g3 d6 6.Bg2 Nbd7 7.O-O e5 8.e3 c6
9.a3 Bxd2 10.Qxd2 a4 11.Nc3 O-O 12.Rad1 Qa5 13.d5 cxd5 14.Nxd5 Nxd5 15.Qxd5 Qxd5
16.Rxd5 Nb6 17.Rxd6 Nxc4 18.Rd5 Be6 19.Rb5 f6 20.Rc1 Rac8 21.Bf1 Nd2 22.Nxd2 Rxc1  0-1

[Event "FSGM April 2013"]
[Site "Budapest HUN"]
[Date "2013.04.08"]
[Round "3.1"]
[White "Kantor,G"]
[Black "Kosic,D"]
[Result "1/2-1/2"]
[WhiteElo "2331"]
[BlackElo "2512"]

1.d4 Nf6 2.c4 e6 3.Nf3 Bb4+ 4.Bd2 a5 5.g3 c5 6.Bg2 Nc6 7.O-O cxd4 8.Bxb4 axb4
9.Nxd4 O-O 10.c5 Qe7 11.Nb3 Rd8 12.N1d2 d5 13.cxd6 Qxd6 14.Qc2 Bd7 15.Nc4 Qc7
16.Rfd1 Be8  1/2-1/2

[Event "15th Dubai Open 2013"]
[Site "Dubai UAE"]
[Date "2013.04.08"]
[Round "2.26"]
[White "Kowsarinia,A"]
[Black "Michalik,P"]
[Result "1-0"]
[WhiteElo "2301"]
[BlackElo "2535"]

1.d4 Nf6 2.c4 e6 3.Nf3 Bb4+ 4.Bd2 Bxd2+ 5.Qxd2 O-O 6.Nc3 d5 7.g3 dxc4 8.Bg2 Nc6
9.O-O Rb8 10.a4 b6 11.Rfd1 Bb7 12.e4 Na5 13.Qe2 a6 14.Ra3 c6 15.e5 Nd5 16.Ne4 b5
17.Nfd2 Ba8 18.Nc5 Nb4 19.Be4 Nb7 20.Bxh7+ Kxh7 21.Qh5+ Kg8 22.Nde4 f6 23.Nxe6 Qe7
24.exf6 Qf7 25.Qg4 Rbe8 26.fxg7 Qxe6 27.gxf8=Q+ Kxf8 28.Rf3+ Ke7 29.Qg5+ Kd7
30.Nf6+ Kc7 31.Re3  1-0

[Event "15th Dubai Open 2013"]
[Site "Dubai UAE"]
[Date "2013.04.09"]
[Round "3.39"]
[White "Houska,Jo"]
[Black "Salah,R"]
[Result "1/2-1/2"]
[WhiteElo "2417"]
[BlackElo "2085"]

1.d4 Nf6 2.Nf3 e6 3.c4 Bb4+ 4.Bd2 Qe7 5.g3 Nc6 6.Nc3 Bxc3 7.Bxc3 Ne4 8.Rc1 d6
9.Bg2 Nxc3 10.Rxc3 O-O 11.d5 Nb8 12.dxe6 fxe6 13.O-O e5 14.c5 Nc6 15.Qd2 Bg4
16.h3 Bf5 17.cxd6 cxd6 18.Ng5 h6 19.Nf3 Rad8 20.Nh4 Bh7 21.Qd5+ Kh8 22.Be4 Qf6
23.Rf3 Qg5 24.Bxh7 Kxh7 25.Qd3+ g6 26.Rxf8 Rxf8 27.Qxd6 Rd8 28.Qe6 Rg8 29.Nf3 Qf5
30.Qxf5 gxf5 31.Rd1 Rg7 32.Nh4 Rf7 33.Rd6 f4 34.gxf4 Rxf4 35.Nf3 Kg7 36.Re6 Rf6
37.Re8 Kf7 38.Rc8 Ke6 39.Rh8 Kd5 40.Rh7 b5 41.Nd2 a5 42.f3 a4 43.Kf2 Rg6
44.Rb7 Kc5 45.Ne4+ Kc4 46.Nc3 a3 47.Nd1 Rd6 48.Ne3+ Kc5 49.bxa3 Rd2 50.Nf5 Rxa2
51.h4 Nd4 52.Nxd4 exd4 53.Rc7+ Kd6 54.Rc8 Kd7 55.Rc5 Kd6 56.Rxb5 d3 57.Rb3 dxe2
58.Re3 Kd5 59.Rxe2 Rxa3 60.Kg3 Ra8 61.f4 Rg8+ 62.Kf3 Kd6 63.Re5 Rg1 64.Ke4 Rh1
65.Rh5 Ke6 66.Rxh6+ Kf7 67.Kf5 Kg7 68.Rg6+ Kf7 69.Rg4 Rh2 70.Kg5 Kg7 71.Rg1 Kf7
72.h5 Kg7 73.Ra1 Rg2+ 74.Kf5 Rh2 75.Ra7+ Kh6 76.Kf6 Rxh5 77.f5 Rh1 78.Kf7 Kg5
79.Ra5 Rh7+ 80.Ke6 Rh1 81.Re5 Ra1 82.Rd5 Ra6+ 83.Ke5 Ra1  1/2-1/2

[Event "Open Golden Island Krk"]
[Site "Malinska CRO"]
[Date "2013.04.09"]
[Round "6.4"]
[White "Martic,Z"]
[Black "Jakovljevic,Vlado"]
[Result "1/2-1/2"]
[WhiteElo "2323"]
[BlackElo "2433"]

1.d4 Nf6 2.Nf3 e6 3.c4 Bb4+ 4.Bd2 c5 5.Bxb4 cxb4 6.Nbd2 O-O 7.g3 b6 8.Bg2 Bb7
9.Nf1 d6 10.Ne3 Nbd7 11.O-O Re8 12.Qb3 a5 13.Rfd1 g6 14.a3 bxa3 15.bxa3 Qc7
16.Rab1 Rab8 17.Qb5 h6 18.Ne1 Bxg2 19.Kxg2 Rbc8 20.Rbc1 Qc6+ 21.Qxc6 Rxc6
22.d5 exd5 23.cxd5 Rxc1 24.Rxc1 Nc5 25.Nd3 Nxd3 26.exd3 Re5 27.d4 Re4 28.Rc6 Rxd4
29.Rxd6 Kg7 30.Rxb6 Nxd5 31.Nxd5  1/2-1/2

[Event "23rd ch-SLO 2013"]
[Site "Sentjur SLO"]
[Date "2013.04.10"]
[Round "5.8"]
[White "Basagic,Z"]
[Black "Pirs,M2"]
[Result "1-0"]
[WhiteElo "2327"]
[BlackElo "2057"]

1.d4 Nf6 2.Nf3 e6 3.c4 Bb4+ 4.Bd2 Qe7 5.g3 b6 6.Bg2 Bb7 7.O-O Bxd2 8.Qxd2 d6
9.Nc3 Ne4 10.Nxe4 Bxe4 11.Ne1 Bxg2 12.Nxg2 O-O 13.Rae1 Nd7 14.e4 e5 15.d5 f5
16.exf5 Rxf5 17.f4 Rf7 18.b4 Raf8 19.Qc3 Qd8 20.Qa3 g5 21.Re4 exf4 22.gxf4 Ne5
23.Qh3 Kh8 24.Kh1 Qf6 25.f5 Qg7 26.Ne3 Re7 27.f6 Qg6 28.fxe7 Qxe4+ 29.Qg2 Rxf1+
30.Nxf1 Qg6 31.Ng3 g4 32.Qe4 Qf7 33.Nf5 Qg6 34.Nxd6  1-0

[Event "15th Dubai Open 2013"]
[Site "Dubai UAE"]
[Date "2013.04.11"]
[Round "5.38"]
[White "Houska,Jo"]
[Black "Davletbayeva,M"]
[Result "1/2-1/2"]
[WhiteElo "2417"]
[BlackElo "2248"]

1.d4 Nf6 2.Nf3 e6 3.c4 Bb4+ 4.Bd2 a5 5.g3 d6 6.Bg2 Nbd7 7.Qc2 O-O 8.O-O e5
9.e3 Bxd2 10.Nfxd2 c6 11.Nc3 Qc7 12.Rac1 Rb8 13.a3 Re8 14.d5 cxd5 15.cxd5 b5
16.Nce4 Qxc2 17.Rxc2 Rb6 18.Rfc1 Bb7 19.Nxf6+ Nxf6 20.e4 a4 21.Bh3 Kf8 22.f3 Rd8
23.Rc7 Ne8 24.R7c2 Nf6 25.Kf2 Ng8 26.Ke3 Ne7 27.Rc7 g6 28.Kf2 f5 29.g4 fxe4
30.fxe4 g5 31.Bf1 Rc8 32.R1c3 Rxc7 33.Rxc7 Bc8 34.Be2 Ke8 35.Rc3 b4 36.Rh3 bxa3
37.bxa3 Rb2 38.Ke1 Ra2 39.Rxh7 Rxa3 40.Bb5+ Kf8 41.Nc4 Ra1+ 42.Kd2 a3 43.Kc2 a2
44.Kb2 Rb1+ 45.Kxa2 Rxb5 46.Nxd6 Ra5+ 47.Kb3 Nxd5 48.Rh8+ Kg7 49.Rxc8 Nf6
50.Ne8+ Nxe8 51.Rxe8 Kf7 52.Rh8 Rc5 53.Rh7+ Kf6 54.Rh3 Rc1 55.Rf3+ Ke6 56.Rf5 Rh1
57.Rxg5 Rxh2 58.Kc4 Rd2 59.Rg6+  1/2-1/2

[Event "7th Agzamov Memorial"]
[Site "Tashkent UZB"]
[Date "2013.04.14"]
[Round "1"]
[White "Badalyan,Shavarsh"]
[Black "Filippov,An UZB"]
[Result "0-1"]
[WhiteElo "2090"]
[BlackElo "2652"]

1.d4 Nf6 2.c4 e6 3.Nf3 Bb4+ 4.Bd2 a5 5.g3 d6 6.Bg2 Nbd7 7.O-O e5 8.Bg5 exd4
9.Nxd4 O-O 10.Nc2 Bc5 11.Nc3 h6 12.Be3 Re8 13.Rc1 a4 14.b4 axb3 15.axb3 Ng4
16.Bxc5 Nxc5 17.Nd4 Rb8 18.b4 Na6 19.Na2 Qg5 20.h3 Nf6 21.e3 Bd7 22.Qc2 Qh5
23.Qd1 Qe5 24.Nb3 Ba4 25.Nc3 Bc6 26.b5 Bxg2 27.Kxg2 Nc5 28.Nxc5 dxc5 29.Qf3 b6
30.Rfd1 Rbd8 31.Qf4 Rxd1 32.Nxd1 Qxf4 33.gxf4 Rd8 34.Nc3 Rd2 35.Kf3 Kf8 36.Ne2 Ke7
37.Rc3 Ke6 38.Ng3 h5 39.h4 g6 40.e4 Ng4 41.Ne2 Rb2 42.Rd3 Nh2+  0-1

[Event "15th Dubai Open 2013"]
[Site "Dubai UAE"]
[Date "2013.04.15"]
[Round "9.34"]
[White "Houska,Jo"]
[Black "Mohannad,F"]
[Result "1/2-1/2"]
[WhiteElo "2417"]
[BlackElo "2231"]

1.d4 Nf6 2.Nf3 e6 3.c4 Bb4+ 4.Bd2 a5 5.a3 Bxd2+ 6.Qxd2 d6 7.Nc3 Nbd7 8.e4 e5
9.Bd3 O-O 10.O-O Re8 11.Rfe1 exd4 12.Nxd4 Nc5 13.Bc2 a4 14.h3 Nfd7 15.Nf3 Nb6
16.e5 Nxc4 17.Qd4 Be6 18.exd6 Qxd6 19.Rxe6 Nxe6 20.Qxc4 Qf4 21.Qd3 Nf8 22.g3 Qh6
23.Bxa4 c6 24.Bb3 Rad8 25.Qf5 Qg6 26.Qxg6 Nxg6 27.Ng5 Ne5 28.f4 h6 29.fxe5 hxg5
30.Rf1 Rxe5 31.Rxf7 Kh7 32.Bc2+ Kh6 33.Rxb7 Re3 34.Kf2 Rxc3 35.bxc3 Rd2+
36.Kf3 Rxc2 37.Rb3 c5 38.a4 Ra2 39.Rb5 Rxa4 40.Rxc5 Ra8 41.Rc6+ g6 42.Rc7 Rd8
43.Kg4 Rd1 44.Rc8 Rd3 45.Rc5 Re3 46.c4 Rd3 47.Rc8 Rd4+ 48.Kf3 Rd3+ 49.Kf2 Kg7
50.c5 g4 51.hxg4 Kf6 52.Rc6+ Kg5 53.Rd6 Rc3 54.c6 Kxg4 55.Rxg6+ Kf5 56.Rd6 Ke5
57.Rh6 Kf5 58.Kg2 Kg4 59.Kf2 Kf5 60.Rd6 Ke5 61.Rd8 Rxc6 62.Rf8 Rf6+ 63.Rxf6 Kxf6
64.Kf3 Kg5 65.Kf2 Kf6 66.Kf1 Kg5  1/2-1/2

[Event "7th Agzamov Memorial"]
[Site "Tashkent UZB"]
[Date "2013.04.15"]
[Round "2"]
[White "Nodirjanova,N"]
[Black "Turov,M"]
[Result "0-1"]
[WhiteElo "2183"]
[BlackElo "2597"]

1.d4 Nf6 2.c4 e6 3.Nf3 Bb4+ 4.Bd2 a5 5.Qc2 d6 6.Nc3 Nbd7 7.a3 Bxc3 8.Bxc3 Qe7
9.b4 O-O 10.bxa5 e5 11.dxe5 dxe5 12.e3 e4 13.Nd2 Nc5 14.Be2 Bg4 15.Rb1 Bxe2
16.Kxe2 Nfd7 17.Rhd1 Qh4 18.h3 f5 19.g3 Qh5+ 20.Kf1 Qxh3+ 21.Ke2 Qh5+ 22.Kf1 Qh2
23.Nb3 Ra6 24.Rd5 Qh1+ 25.Ke2 Qf3+ 26.Kd2 Qxf2+ 27.Kc1 Qf1+ 28.Qd1 Qxc4 29.Qd4 Qxd4
30.Bxd4 Nd3+ 31.Kd2 Rd6 32.Rb5 b6 33.axb6 c6 34.Ra5 c5 35.Rb5 Nxb6 36.Nxc5 Nc4+
37.Ke2 Nxa3 38.Rb7 Rxd4 39.exd4 Nxc5 40.dxc5 Nxb1 41.Rxb1 Rc8 42.Rc1 Kf7
43.Ke3 Ke6 44.Kd4 Ra8 45.Kc4 Ra3 46.Kb4  0-1

[Event "ch-SRB 2013"]
[Site "Vrnjacka Banja SRB"]
[Date "2013.04.15"]
[Round "1.6"]
[White "Ratkovic,Milov"]
[Black "Bogosavljevic,B"]
[Result "0-1"]
[WhiteElo "2296"]
[BlackElo "2512"]

1.d4 Nf6 2.c4 e6 3.Nf3 Bb4+ 4.Bd2 Qe7 5.g3 O-O 6.Bg2 Bxd2+ 7.Qxd2 d6 8.Nc3 e5
9.O-O c6 10.c5 Nbd7 11.cxd6 Qxd6 12.Rfd1 exd4 13.Qxd4 Qxd4 14.Rxd4 Nc5 15.Rad1 a5
16.Rc4 Na6 17.e4 Nd7 18.Rcd4 Ndc5 19.e5 Bf5 20.Nh4 Be6 21.f4 g6 22.f5 gxf5
23.Bh3 f6 24.exf6 Rxf6 25.Rd6 Raf8 26.Re1 Nb4 27.a3 Nbd3 28.Re2 Bc8 29.Rxf6 Rxf6
30.Re8+ Rf8 31.Rxf8+ Kxf8 32.Bxf5 Bxf5 33.Nxf5 Nxb2 34.Ne3 Kf7 35.g4 Ke6
36.Kf2 Ke5 37.Kf3 b5 38.h4 Ne6 39.g5 Nd4+ 40.Kg4 Nd3 41.Kh5 Kf4 42.Ng2+ Kf3
43.Kh6 b4 44.axb4 axb4 45.Na4 Kxg2 46.Kxh7 Kh3 47.g6 Nf5 48.g7 Ne7 49.Nb6 b3
50.Nc8 Nf4 51.Nxe7 Nh5 52.Ng6 Nf6+  0-1

[Event "13th BCC Open 2013"]
[Site "Pattaya THA"]
[Date "2013.04.17"]
[Round "5.9"]
[White "Farid,F"]
[Black "Megaranto,S"]
[Result "1/2-1/2"]
[WhiteElo "2327"]
[BlackElo "2541"]

1.Nf3 Nf6 2.d4 e6 3.c4 Bb4+ 4.Bd2 a5 5.g3 b6 6.Bg2 Bb7 7.O-O O-O 8.Bg5 Be7
9.Nc3 Ne4 10.Bxe7 Qxe7 11.Qd3 Nxc3 12.Qxc3 d6 13.Rfe1 Nd7 14.e4 Rfe8 15.Nh4 e5
16.Rad1 g6 17.Qc1 c5 18.dxe5 dxe5 19.Bh3 Nf6 20.f3 Rad8 21.Ng2 Rxd1 22.Rxd1 Rd8
23.Ne3 Rd4 24.Nc2 Rd6 25.Ne3 Rd4 26.Nc2 Rd6 27.Ne3 Rd4 28.Nc2 Rd6  1/2-1/2

[Event "77th ch-BUL 2013"]
[Site "Bankya BUL"]
[Date "2013.04.21"]
[Round "7.6"]
[White "Kozhuharov,S"]
[Black "Arnaudov,G"]
[Result "1/2-1/2"]
[WhiteElo "2467"]
[BlackElo "2489"]

1.d4 Nf6 2.c4 e6 3.Nf3 Bb4+ 4.Bd2 c5 5.Bxb4 cxb4 6.a3 bxa3 7.Rxa3 O-O 8.Nc3 d6
9.e3 Nc6 10.Be2 e5 11.O-O Bf5 12.Nh4 Bd7 13.Nf3 Bf5 14.Nh4 Bd7 15.Nf3 h6
16.dxe5 dxe5 17.Nd2 Be6 18.Nde4 Nxe4 19.Nxe4 Qxd1 20.Rxd1 Rad8 21.Raa1 Rxd1+
22.Rxd1 Rd8 23.Rxd8+ Nxd8 24.Kf1 b6 25.Ke1 Kf8 26.Kd2 Ke7 27.h4 f5 28.Nc3 g5
29.hxg5 hxg5 30.g3 Nc6 31.f4 gxf4 32.gxf4 exf4 33.exf4 Kd6 34.Nb5+ Kc5 35.Kc3 a5
36.b3 Bd7 37.Bf3 Be8 38.Bxc6 Bxc6 39.Nd4 Bd7 40.Nf3 Be6 41.Nd4 Bd7 42.Nf3 Be6  1/2-1/2

[Event "Zonal 2.5 2013"]
[Site "Montevideo URU"]
[Date "2013.04.21"]
[Round "4.14"]
[White "Magaldi,N"]
[Black "Latorre,Mat"]
[Result "0-1"]
[WhiteElo "2084"]
[BlackElo "2274"]

1.d4 Nf6 2.c4 e6 3.Nf3 Bb4+ 4.Bd2 Qe7 5.a3 Bxd2+ 6.Nbxd2 d6 7.e4 e5 8.dxe5 dxe5
9.Be2 Bg4 10.Qc2 O-O 11.O-O c5 12.Rfe1 Nc6 13.Bf1 Ne8 14.Qc3 Nc7 15.Rac1 Rfd8
16.h3 Bxf3 17.Nxf3 f6 18.g3 Nd4 19.b4 Nxf3+ 20.Qxf3 Ne6 21.Qc3 Rd4 22.Rcd1 Rad8
23.Rxd4 Rxd4 24.b5 Ng5 25.Qe3 Rxe4 26.Qxe4 Nxe4 27.Rxe4 g6 28.Re3 e4 29.f3 f5
30.fxe4 fxe4 31.Bg2 Qg5 32.Rxe4 Qxg3 33.Re7 Qxa3 34.Bd5+ Kh8 35.Rxb7 Qg3+
36.Bg2 Qe3+ 37.Kh1 Qc1+ 38.Kh2 Qxc4 39.Bc6 Qa2+ 40.Kg3 c4 41.Kg4 c3  0-1

[Event "ch-LTU 2013"]
[Site "Vilnius LTU"]
[Date "2013.04.21"]
[Round "3.6"]
[White "Laurusas,T"]
[Black "Kveinys,A"]
[Result "1-0"]
[WhiteElo "2384"]
[BlackElo "2528"]

1.d4 Nf6 2.c4 e6 3.Nf3 Bb4+ 4.Bd2 a5 5.g3 d6 6.Bg2 Nbd7 7.O-O e5 8.Nc3 c6
9.Qc2 O-O 10.e4 exd4 11.Nxd4 Ne5 12.b3 Bc5 13.Nf5 Re8 14.h3 Ng6 15.Rad1 Qc7
16.Bg5 Re6 17.Na4 Ba7 18.Qc3 Ne8 19.g4 Bd7 20.Qg3 f6 21.Bc1 Rc8 22.Kh1 b5
23.Nb2 a4 24.f4 Nf8 25.Nd3 bxc4 26.bxc4 Rb8 27.Bb2 Bc8 28.Ba1 Ba6 29.Rc1 Nd7
30.g5 Nc5 31.Nxc5 Bxc5 32.Qg4 Bc8 33.Rb1 Rxb1 34.Rxb1 Kf8 35.Qh4 Kg8 36.gxf6 Nxf6
37.Nh6+ Kf8 38.f5 Nxe4 39.fxe6 Nf2+ 40.Kg1 Ng4+ 41.Kf1 Ne3+ 42.Ke2 Bxe6 43.Bxg7+ Ke8
44.Rb8+ Kd7 45.Bxc6+  1-0